| 000 | 00972nam a2200229 i 4500 | ||
|---|---|---|---|
| 001 | 149726 | ||
| 003 | ES-MaACL | ||
| 005 | 20250919130041.0 | ||
| 007 | t| | ||
| 008 | 071024s1975 sp ||||1| spa d | ||
| 245 | 0 | 0 |
_aHistoria social y económica de la España antigua / _c[director, Valentín Vázquez de Prada]. |
| 260 |
_aMadrid : _bConfederación Española de Cajas de Ahorros, _c1975. |
||
| 300 |
_av. <1, 3-4> ; _c18 cm. |
||
| 505 | 8 | _aContiene: V. 1. La prehistoria española / por J. Maluquer de Motes -- v. 2. España Romana, siglos I-III / por Alberto Balil -- v. 3. España Romana, siglos III-V / por José María Blázquez | |
| 651 | 4 |
_aEspaña- _xHistoria- _yHasta 414. _9148016 |
|
| 700 | 1 |
_aVázquez de Prada, Valentín. _9113427 |
|
| 700 | 1 |
_aMaluquer de Motes, Joan, _d1915-1988 _975880 |
|
| 700 | 1 |
_aBalil, Alberto. _924939 |
|
| 700 | 1 |
_aBlázquez, José María, _d1926- _9141915 |
|
| 852 |
_aES-MaACL _jP-72 |
||
| 999 |
_c149726 _d149726 |
||